La Odisea
Saved in:
| Hovedforfatter: | |
|---|---|
| Format: | Bog |
| Sprog: | spansk |
| Udgivet: |
Ciudad de México
Porrúa
1975
|
| Udgivelse: | 16a. ed |
| Serier: | Sepan cuántos, 4
|
| Fag: | |
| Tags: |
Tilføj Tag
Ingen Tags, Vær først til at tagge denne postø!
|
MARC
| LEADER | 00000nam a2200000 a 4500 | ||
|---|---|---|---|
| 001 | UCR3349 | ||
| 003 | CL-VaPUC | ||
| 008 | 980124e19750000MX |||||||||||||||||spa|d | ||
| 082 | 0 | 4 | |a 883 |b HOM |2 21 |
| 100 | |a Homero |e autor |9 265577 | ||
| 245 | 1 | 3 | |a La Odisea |
| 250 | |a 16a. ed | ||
| 300 | |a 254 p | ||
| 942 | |c BK | ||
| 945 | |d 19980124 00:00:00 |a aolguin | ||
| 260 | |a Ciudad de México |b Porrúa |c 1975 | ||
| 650 | 7 | |a POESIAS EPICAS GRIEGAS |2 CL-VaPUC |9 265677 | |
| 650 | 7 | |a LITERATURA GRIEGA |2 CL-VaPUC |9 258054 | |
| 583 | |a last modification |c 19980124 00:00:00 |k Rodrigo Vera | ||
| 490 | 0 | |a Sepan cuántos, 4 | |
| 999 | |c 266432 |d 266430 | ||
| 952 | |0 0 |1 1 |2 ddc |4 0 |6 883_000000000000000_HOM_1975 |7 0 |8 A |9 298020 |a BIBEDU |b BIBEDU |d 2019-11-20 |i 1939432 |l 1 |o 883 HOM 1975 |p 1939432 |r 2022-04-11 |s 2020-03-10 |w 2019-11-20 |y BK |k LIT | ||